000 00840nas a2200253 454500
001 62534
005 20260407193512.0
008 260407s1989####ag###########|||spa#d
003 AR-UNSa-BCEJYS
040 _aAR-UNSa-BCEJYS
_bspa
_cAR-UNSa-BCEJYS
080 _a339.923:061.1EU
_xDisposiciones económicas de la Unión Europea
245 1 0 _aDocumentos europeos
022 _a0258-8269
264 1 _aLuxemburgo :
_bOficina de Publicaciones Oficiales de las Comunidades Europeas
_c1989
310 _aFrecuencia: Irregular
041 _aspa
942 _cSER
590 _aniveau_biblio:s niveau_hierar:1
100 1 _aComisión de las Comunidades Europeas. Dirección General Información, Comunicación y Cultura
650 _aEuropa
650 _aPolítica internacional
650 _a comunidad europea
650 _aCOMUNIDAD EUROPEA
999 _c8991
_d8991